| 000 | 00716nam a22002057a 4500 | ||
|---|---|---|---|
| 999 |
_c4 _d4 |
||
| 003 | AR-CdUCM | ||
| 008 | 190220b ||||| |||| 00| 0 spa d | ||
| 040 |
_aMUNICIPALIDAD PROVINCIAL DEL CUSCO _cBIBLIOTECA MUNICIPAL DEL CUSCO |
||
| 082 |
_a917.5 / _bB35 |
||
| 100 |
_aBeltran, Enrique _917 |
||
| 245 |
_aEl hombre y su ambiente : _bensayo sobre el Valle de México / |
||
| 260 |
_aMéxico D.F: _bTezlonte, _c1958. |
||
| 300 |
_a258 paginas ; _bilustraciones , _c17.5 cm. |
||
| 505 | _aContenido: El Valle de México -- La cruz sobre Teocalli -- Pachuca, la sultana de plata... | ||
| 650 |
_aMéxico _918 |
||
| 650 |
_aHistoria de México _919 |
||
| 650 |
_aEl Valle de México _920 |
||
| 942 |
_2ddc _cLIBROS |
||
| 945 | _artm | ||